000 00483nam a22001937a 4500
003 MPLRDC
005 20220104123318.0
008 210129b ||||| |||| 00| 0 eng d
020 _a7-108-00426-7
082 _a947.411 CZZ-6 v.2
100 _a蔡志忠
245 _a老子说(II): 智者的低语
_c
250 _a一版一刷
260 _a
_b三联书店
_c1991
300 _b
490 _a蔡志忠漫画
650 _a蔡志忠漫画
942 _cBK
_o947.411 CZZ-6 v.2
999 _c10315
_d10305